00299nam a2200121Ia 4500008004100000100001900041245004100060260003400101300000800135650001000143942000700153999001700160190216s9999||||xx |||||||||||||| ||und|| aDr.Dinesh Mani 0aHindi-Jal Samsadhan Yevam Prabandhan bNavashashthra Prakashanc2008 a224 aHindi cBK c16689d16689